000 00333nam a2200133Ia 4500
008 240624s9999 xx 000 0 und d
041 _aeng
082 _a332.17 IIB
100 _aIIBF
245 _aCUSTOMER SERVICE AND BANKING CODES AND S
260 _c2010
_aNew Delhi
_bTaxmann
300 _a475 : p. : cm. ; 22
365 _cRS
_b29
999 _c17238
_d17238